Informe social y relaciones familiares (Registro nro. 35308)

000 -CABECERA
campo de control de longitud fija 01664cam a22002894i 4500
001 - NÚMERO DE CONTROL
campo de control 22432454
003 - IDENTIFICADOR DEL NÚMERO DE CONTROL
campo de control AR-RgUNPA
005 - FECHA Y HORA DE LA ÚLTIMA TRANSACCIÓN
campo de control 20250730114307.0
008 - DATOS DE LONGITUD FIJA--INFORMACIÓN GENERAL
campo de control de longitud fija 211110e201909 ag grb 000 0 spa d
010 ## - NÚMERO DE CONTROL DE LA BIBLIOTECA DEL CONGRESO
Número de control de LC 2020469400
020 ## - NÚMERO INTERNACIONAL ESTÁNDAR DEL LIBRO
Número Internacional Estándar del Libro 9789877780529
040 ## - FUENTE DE LA CATALOGACIÓN
Centro catalogador/agencia de origen spa
Lengua de catalogación AACR2
Normas de descripción SIUNPA
Centro/agencia transcriptor SIUNPA
080 ## - NÚMERO DE LA CLASIFICACIÓN DECIMAL UNIVERSAL
Número de la Clasificación Decimal Universal 364.442.24 M252i2
100 1# - ENTRADA PRINCIPAL--NOMBRE DE PERSONA
Nombre de persona Mallardi, Manuel W.
Término indicativo de función/relación , autor
245 10 - MENCIÓN DE TÍTULO
Título Informe social y relaciones familiares
Resto del título : categorías en disputa
Mención de responsabilidad, etc. / Manuel W. Mallardi
250 ## - MENCIÓN DE EDICIÓN
Mención de edición 2a. ed.
264 #1 - PRODUCCIÓN, PUBLICACIÓN, DISTRIBUCIÓN, FABRICACIÓN Y COPYRIGHT
Producción, publicación, distribución, fabricación y copyright Tandil
Nombre del de productor, editor, distribuidor, fabricante : PUKA edit.
Fecha de producción, publicación, distribución, fabricación o copyright , 2019
300 ## - DESCRIPCIÓN FÍSICA
Extensión 114 p.
500 ## - NOTA GENERAL
Nota general “Reflexionar sobre los informes sociales es una actividad que nos convoca casi orgánicamente a quienes ejercemos el Trabajo Social. Escribir y leer un informe social debe ser una de las cosas que en algún momento de nuestro ejercicio profesional sin dudas deberemos realizar. Y es este aspecto, el hecho de que sea una actividad frecuente, lo que nos pone en la situación riesgosa de burocratizarlo, de naturalizar de tal manera su elaboración y análisis que nos lleve a la idea equivocada de presuponer que es una tarea sencilla, rápida e, incluso, escindida del resto de la intervención profesional”.
650 #0 - PUNTO DE ACCESO ADICIONAL DE MATERIA--TÉRMINO DE MATERIA
Término de materia o nombre geográfico como elemento de entrada INFORMES SOCIALES
650 #0 - PUNTO DE ACCESO ADICIONAL DE MATERIA--TÉRMINO DE MATERIA
Término de materia o nombre geográfico como elemento de entrada TRABAJO SOCIAL
650 #0 - PUNTO DE ACCESO ADICIONAL DE MATERIA--TÉRMINO DE MATERIA
Término de materia o nombre geográfico como elemento de entrada REALACIONES PERSONALES
650 #0 - PUNTO DE ACCESO ADICIONAL DE MATERIA--TÉRMINO DE MATERIA
Término de materia o nombre geográfico como elemento de entrada DIAGNOSTICO SOCIAL
906 ## - ELEMENTOS DE DATOS F LOCAL, LDF (RLIN)
a 7
b cbc
c copycat
d 3
e ncip
f 20
g y-gencatlg
942 ## - ELEMENTOS DE PUNTO DE ACCESO ADICIONAL (KOHA)
Fuente del sistema de clasificación o colocación
Tipo de ítem Koha Libros
Existencias
Estado de retiro Estado de pérdida Fuente del sistema de clasificación o colocación Estado dañado No para préstamo Código de colección Localización permanente Ubicación/localización actual Fecha de adquisición Fuente de adquisición Coste, precio normal de compra Número de inventario Total de préstamos Renovaciones totales Signatura topográfica completa Código de barras Fecha visto por última vez Fecha del último préstamo Coste, precio de reemplazo Precio válido a partir de Tipo de ítem Koha
          Colección General SIUNPA Biblioteca Académica Malvina Perazo 2025-07-30 Compra SIUNPA/2025 69000.00 05-51778 4 3 364.442.24 M252i2 05-51778 2025-11-06 2025-10-15 2025.00 2025-07-30 Libros